00598nam a2200169 i 450000100060000000300090000600500170001500700030003200800410003510000360007624500910011226000320020330000220023585200320025799900170028995201220030665288ES-MaACL20230906165335.0t|040112s1973 sp ||||1| spa d1 aFreije Uriarte, Antonio.95245010aPlanificación a corto plazo y control de dirección / cpor Antonio Freije Uriarte. aMadrid : bI.E.E., c[1973] a420 p. ; c22 cm. aES-MaACLjC-55124 bR.87554 c65288d65288 00104070aATENEOMbATENEOMcDEPO2d2008-01-17eSCl0oC-55124p1068401r2023-02-23 00:00:00w2023-02-23yMONOGRAFIA